Catálogo de la Biblioteca Horacio González - Universidad Nacional de General Sarmiento

Perón o muerte : (Registro nro. 16209)

Detalles MARC
000 -CABECERA
campo de control de longitud fija 01149nam a22003850a 4500
001 - NÚMERO DE CONTROL
campo de control PT13198
003 - IDENTIFICADOR DEL NÚMERO DE CONTROL
campo de control AR-LpoUNG
005 - FECHA Y HORA DE LA ÚLTIMA TRANSACCIÓN
campo de control 20210131232536.0
008 - DATOS DE LONGITUD FIJA--INFORMACIÓN GENERAL
campo de control de longitud fija 191001s2004||||ag |||||||||||||||||spa d
020 ## - NÚMERO INTERNACIONAL ESTÁNDAR DEL LIBRO
Número Internacional Estándar del Libro 9502312694
Condiciones de disponibilidad $6.66
040 ## - FUENTE DE LA CATALOGACIÓN
Centro catalogador/agencia de origen AR-LpoUNG
Lengua de catalogación spa
Centro/agencia transcriptor AR-LpoUNG
Normas de descripción aacr
041 ## - CÓDIGO DE LENGUA
Código de lengua del texto/banda sonora o título independiente spa
044 ## - CÓDIGO DEL PAÍS DE LA ENTIDAD EDITORA/PRODUCTORA
Código MARC del país ag
082 0# - NÚMERO DE LA CLASIFICACIÓN DECIMAL DEWEY
Número de clasificación 982.062 574per
100 1# - ENTRADA PRINCIPAL--NOMBRE DE PERSONA
Nombre de persona Sigal, Silvia
245 10 - MENCIÓN DE TÍTULO
Título Perón o muerte :
Resto del título los fundamentos discursivos del fenómeno peronista
250 ## - MENCIÓN DE EDICIÓN
Mención de edición 1ra. ed., 1ra. reimp.
260 ## - PUBLICACIÓN, DISTRIBUCIÓN, ETC.
Lugar de publicación, distribución, etc. Buenos Aires :
Nombre del editor, distribuidor, etc. EUDEBA,
Fecha de publicación, distribución, etc. 20034.
300 ## - DESCRIPCIÓN FÍSICA
Extensión 255 p. :
Otras características físicas fot.
520 ## - SUMARIO, ETC.
Sumario, etc. <p>La hipótesis básica de este libro es que una de las dimensiones fundamentales que permiten comprender la excepcionalidad del peronismo es la de su funcionamiento discursivo.</p>
650 #4 - PUNTO DE ACCESO ADICIONAL DE MATERIA--TÉRMINO DE MATERIA
Término de materia o nombre geográfico como elemento de entrada ARGENTINA
650 #4 - PUNTO DE ACCESO ADICIONAL DE MATERIA--TÉRMINO DE MATERIA
Término de materia o nombre geográfico como elemento de entrada ASPECTOS POLITICOS
650 #4 - PUNTO DE ACCESO ADICIONAL DE MATERIA--TÉRMINO DE MATERIA
Término de materia o nombre geográfico como elemento de entrada EJERCITO
650 #4 - PUNTO DE ACCESO ADICIONAL DE MATERIA--TÉRMINO DE MATERIA
Término de materia o nombre geográfico como elemento de entrada ESTADO
650 #4 - PUNTO DE ACCESO ADICIONAL DE MATERIA--TÉRMINO DE MATERIA
Término de materia o nombre geográfico como elemento de entrada IDEOLOGIAS
650 #4 - PUNTO DE ACCESO ADICIONAL DE MATERIA--TÉRMINO DE MATERIA
Término de materia o nombre geográfico como elemento de entrada TRABAJADORES
653 ## - TÉRMINO DE INDIZACIÓN--NO CONTROLADO
Término no controlado JUVENTUD PERONISTA
653 ## - TÉRMINO DE INDIZACIÓN--NO CONTROLADO
Término no controlado PERONISMO
653 ## - TÉRMINO DE INDIZACIÓN--NO CONTROLADO
Término no controlado PUEBLO
653 ## - TÉRMINO DE INDIZACIÓN--NO CONTROLADO
Término no controlado VACIAMIENTO POLITICO
653 ## - TÉRMINO DE INDIZACIÓN--NO CONTROLADO
Término no controlado VERDAD
700 1# - PUNTO DE ACCESO ADICIONAL--NOMBRE DE PERSONA
Nombre de persona Verón, Eliseo
905 ## - ELEMENTOS DE DATOS E LOCAL, LDE (RLIN)
a 13198
942 ## - ELEMENTOS DE PUNTO DE ACCESO ADICIONAL (KOHA)
Tipo de ítem Koha Libro
Existencias
Estado de retiro Estado de pérdida Estado dañado No para préstamo Código de colección Localización permanente Ubicación/localización actual Fecha de adquisición Total de préstamos Signatura topográfica completa Código de barras Fecha visto por última vez Fecha del último préstamo Precio válido a partir de Tipo de ítem Koha
        Colección General Biblioteca Universidad Nacional de General Sarmiento Biblioteca Universidad Nacional de General Sarmiento 31/01/2021 2 982.062 574per 00020408 22/05/2023 15/05/2023 31/01/2021 Libro
        Colección General Biblioteca Universidad Nacional de General Sarmiento Biblioteca Universidad Nacional de General Sarmiento 31/01/2021   982.062 574per 00020410 31/01/2021   31/01/2021 Libro
        Colección General Biblioteca Universidad Nacional de General Sarmiento Biblioteca Universidad Nacional de General Sarmiento 31/01/2021   982.062 574per 00020411 31/01/2021   31/01/2021 Libro
        Colección General Biblioteca Universidad Nacional de General Sarmiento Biblioteca Universidad Nacional de General Sarmiento 31/01/2021   982.062 574per S00020409 31/01/2021   31/01/2021 Lectura en Sala